Linejnyje uravnenija v polnych proizvodnych

Guardado en:
Detalles Bibliográficos
Autor principal: Gajšun, Ivan Vasil'jevič
Formato: Libro
Lenguaje:ruso
Publicado: Minsk Nauka i technika 1989
Edición:1. izd.
Etiquetas: Agregar Etiqueta
Sin Etiquetas, Sea el primero en etiquetar este registro!

MARC

LEADER 00000nam a2200000 4500
001 c035962
005 20221215133944.6
041 0 |a rus 
044 |a BY 
245 1 0 |a Linejnyje uravnenija v polnych proizvodnych  |c Ivan Vasil'jevič Gajšun 
250 |a 1. izd. 
264 1 |a Minsk  |b Nauka i technika  |c 1989 
300 |a 251 s. 
100 1 |a Gajšun, Ivan Vasil'jevič